00810nam a2200229 a 450000100060000000300080000600500170001400800410003103500190007204000320009104100080012308200200013110000190015124500510017026000470022130000240026850400400029260000690033294200120040199900170041395201500043020331BD-RjUL20211209000542.0140227s1948 ii b 001 1 eng d a(BD-RjUL)20393 aTKNcTKNdm.cdBD-RjULbeng aeng04a823.5bSED 19481 aSen, C.96266610aDaniel De Foe, his mind and art /cSri C. Sen. aCalcutta :bUniversity of Calcutta,c1948. ax, 276 p. ;c22 cm. aBibliography: p. 263-270 and index.10aDefoe, Daniel,d1661?-1731xCriticism and interpretation.962667 2ddccBK c20331d20331 00102ddc40718FICaRUCLbRUCLcReadingd1973-10-09eFurma K L Mukhopadhyay.g5.00l0o823.5 SED 1948r2014-02-27 00:00:00tC-1w2014-02-27yBK